MARC

LEADER 00000nam0a2200000 4500
001 55588
005 20231101211544.0
035 |a (RuTPU)RU\TPU\book\58344 
090 |a 55588 
100 |a 20030917d1971 m y0rusy50 ca 
101 0 |a rus 
102 |a RU 
105 |a a j 001zy 
200 1 |a Основные процессы и аппараты химической технологии  |e учебник  |f А. Г. Касаткин 
205 |a 8-е изд., перераб. и доп. 
210 |a Москва  |c Химия  |d 1971 
215 |a 784 с.  |c ил. 
320 |a Библиогр.: с. 759-762 
451 1 |0 (RuTPU)RU\TPU\book\36594  |t Основные процессы и аппараты химической технологии  |o учебник  |f А. Г. Касаткин  |e 9-е изд., испр.  |c Москва  |n Химия  |d 1973  |p 750 с.  |a Касаткин, Андрей Георгиевич 
451 1 |0 (RuTPU)RU\TPU\book\69422  |t Основные процессы и аппараты химической технологии  |o учебник  |f А. Г. Касаткин  |e 7-е изд.  |c Москва  |n Госхимиздат  |d 1960  |p 829 с.  |a Касаткин, Андрей Георгиевич 
606 |a Химические процессы и установки в целом  |2 stltpush  |3 (RuTPU)RU\TPU\subj\72033  |9 85649 
610 1 |a химическая технология 
610 1 |a химическая аппаратура 
610 1 |a гидромеханические процессы 
610 1 |a гидравлика 
610 1 |a тепловые процессы 
610 1 |a массообменные процессы 
610 1 |a холодильные процессы 
610 1 |a механические процессы 
675 |a 66.02(075.8)  |v 3 
700 1 |a Касаткин  |b А. Г.  |g Андрей Георгиевич 
801 1 |a RU  |b 63413507  |c 20030917  |g PSBO 
801 2 |a RU  |b 63413507  |c 20201118  |g PSBO 
942 |c BK